000 00777nam a2200289Ia 4500
005 20260324142547.0
008 008 260324s9999 xx 000 0 eng d
020 _a9781003209768
037 _aEBOOK
040 _aCRL
040 _beng
040 _cCRL
041 _2eng
041 _aeng
084 _qCRL
100 _aAllen Kent; James G. Williams
_91202602
245 0 _aEncyclopedia of Computer Science and Technology
245 0 _bVolume 31 - Supplement 16: Artistic Computer Graphics to Strategic Information Systems Planning
260 _bTaylor and Francis
260 _c1994
365 _a
365 _b450
856 _uhttp://www.taylorfrancis.com/books/9781003209768
942 _cEBOOK
999 _c1816727
_d1816727